• 首页
  • 本馆介绍
  • 公告通知
  • 最新文献
  • 馆藏检索
  • 电子资源
  • 读者导购
  • 参考咨询
  • 我的图书馆
  • 登录
  • 详细信息显示
  • 放入我的书架
  • 预约/预借图书
  • 作者相关作品
  • 分类相关作品
  • 丛书相关作品
  • 出版社相关作品

书目信息

  • 表格格式
  • 工作单格式
  • 卡片格式
题名:
SPSS for Windows在心理学与教育学中的应用
    
 
作者: 张奇 主编
分册:  
出版信息: 北京   北京大学出版社  2009
页数: 374页
开本: 23cm
丛书名:
单 册:
中图分类: B841.2 , G40-051
科图分类:
主题词: 统计分析--统计程序--应用--心理统计--高等学校--教材 , 统计分析--统计程序--应用--教育统计--高等学校--教材 , 统计分析 , 统计程序 , 心理统计 , 教育统计
电子资源:
ISBN: 978-7-301-14400-8
000 01150nam0 2200325 450
001 1537353885
005 20150127102248.59
010    @a978-7-301-14400-8@dCNY42.00
100    @a20091014d2009 em y0chiy50 ea
101 0  @achi
102    @aCN@b110000
105    @ay z 000yy
200 1  @aSPSS for Windows在心理学与教育学中的应用@9SPSS for Windows zai xin li xue yu jiao yu xue zhong de ying yong@f张奇主编
210    @a北京@c北京大学出版社@d2009
215    @a374页@d23cm@e1光盘
300    @a北京大学心理学教材
307    @a附光盘:ISBN 978-7-900488-29-3
330    @a本书内容包括:SPSS的硬件环境与安装、数据文件的建立与编辑、描述统计、t检验、方差分析、相关分析、回归分析、非参数检验、主成分因子分析与信度分析、聚类分析和统计图。
606 0  @a统计分析@x统计程序@x应用@x心理统计@x高等学校@j教材
606 0  @a统计分析@x统计程序@x应用@x教育统计@x高等学校@j教材
606 0  @a统计分析
606 0  @a统计程序
606 0  @a心理统计
606 0  @a教育统计
610 0  @aSPSS
690    @aB841.2@v5
690    @aG40-051@v5
701  0 @a张奇@9zhang qi@f(1955.9~)@4主编
801  0 @aCN@bTSSF@c20150127
905    @aZUCC@dB841.2@eJY3
    
    SPSS for Windows在心理学与教育学中的应用/张奇主编.-北京:北京大学出版社,2009
    374页;23cm+1光盘
    北京大学心理学教材
    
    ISBN 978-7-301-14400-8:CNY42.00
    本书内容包括:SPSS的硬件环境与安装、数据文件的建立与编辑、描述统计、t检验、方差分析、相关分析、回归分析、非参数检验、主成分因子分析与信度分析、聚类分析和统计图。
●
相关链接 在E读中查询图书 在五车中查询图书 在当当中查询图书 在豆瓣中查询图书


正题名:SPSS for Windows在心理学与教育学中的应用     索取号:B841.2/JY3         预约/预借

序号 登录号 条形码 馆藏地/架位号 状态 备注
1 7845614   278456145   学院路分馆/ [索取号:B841.2/JY3] 在馆    
唐山师范学院图书馆 欢迎您!
大连网信软件有限公司© 版权所有